000 00615nam a2200229Ia 4500
003 OSt
005 20221005115025.0
006 a|||||r|||| 00| 0
007 ta
008 221004b |||||||| |||| 00| 0 eng d
024 _a33041
037 _cTextual
040 _aCRL
_cCRL
_beng
041 _2eng
_aeng
082 _aN1Q7aN60, K1
100 _aCreswell K. A. C.
_9277260
245 0 _aBibliography of the architecture, arts and crafts of Islam to 1st Jan. 1960
260 _c1961
650 _aARTS
942 _hN1Q7aN60, K1
_cTEXL
_2cc
999 _c1033208
_d1033208